Nước Mỹ ngày nay = The United States of America today Sách nâng cao trình độ tiếng Anh Mỹ

שמור ב:
מידע ביבליוגרפי
מחבר ראשי: Nước mỹ ngày nay
פורמט: ספר
שפה:Undetermined
יצא לאור: H. ĐHQG 2002
נושאים:
תגים: הוספת תג
אין תגיות, היה/י הראשונ/ה לתייג את הרשומה!
Thư viện lưu trữ: Trung tâm Học liệu Trường Đại học Cần Thơ
LEADER 00586nam a2200193Ia 4500
001 CTU_50607
008 210402s9999 xx 000 0 und d
082 |a 428.24 
082 |b T305 
100 |a Nước mỹ ngày nay 
245 0 |a Nước Mỹ ngày nay = The United States of America today 
245 0 |b Sách nâng cao trình độ tiếng Anh Mỹ 
245 0 |c Nước mỹ ngày nay 
260 |a H. 
260 |b ĐHQG 
260 |c 2002 
650 |a english language 
650 |x americanism 
980 |a Trung tâm Học liệu Trường Đại học Cần Thơ